000 00629cam a22002293a 4500
001 32199
003 PGUSA
005 20140828083710.0
008 100501s2010||||xxu|||||s|||||000 1 eng d
040 _aPGUSA
_beng
042 _adc
050 4 _aPR
100 1 _aOuida,
_d1839-1908
245 1 2 _aA House-Party, Don Gesualdo, and A Rainy June
_h[electronic resource] /
_cOuida
260 _bProject Gutenberg,
_c2010
506 _aPublic domain in the USA.
516 _aElectronic text
653 _aEnglish fiction
830 0 _aProject Gutenberg
_v32199
856 4 0 _uhttp://www.gutenberg.org/ebooks/32199
942 _cEB
999 _c261454
_d261454